<?xml version="1.0" encoding="UTF-8"?>
<record
    xmlns:xsi="http://www.w3.org/2001/XMLSchema-instance"
    xsi:schemaLocation="http://www.loc.gov/MARC21/slim http://www.loc.gov/standards/marcxml/schema/MARC21slim.xsd"
    xmlns="http://www.loc.gov/MARC21/slim">

  <leader>01189nam a22001577a 4500</leader>
  <controlfield tag="008">150430b        xxu||||| |||| 00| 0 eng d</controlfield>
  <datafield tag="020" ind1=" " ind2=" ">
    <subfield code="a">8420679216</subfield>
  </datafield>
  <datafield tag="082" ind1=" " ind2=" ">
    <subfield code="a">700</subfield>
    <subfield code="b">P 195s</subfield>
  </datafield>
  <datafield tag="100" ind1=" " ind2=" ">
    <subfield code="a">Panofsky, Erwin</subfield>
    <subfield code="9">2536</subfield>
  </datafield>
  <datafield tag="245" ind1=" " ind2=" ">
    <subfield code="a">El significado en las artes visuales</subfield>
    <subfield code="c">Panofsky, Erwin</subfield>
  </datafield>
  <datafield tag="260" ind1=" " ind2=" ">
    <subfield code="a">Espa&#xF1;a</subfield>
    <subfield code="b">Alianza Editorial</subfield>
    <subfield code="c">1998</subfield>
  </datafield>
  <datafield tag="300" ind1=" " ind2=" ">
    <subfield code="a">386 p.</subfield>
    <subfield code="b">ill.</subfield>
    <subfield code="c">14.5x23 cm</subfield>
  </datafield>
  <datafield tag="505" ind1=" " ind2=" ">
    <subfield code="t">La historia del arte en cuanto disciplina human&#xED;stica.</subfield>
    <subfield code="t">Iconografia e iconologia: Introducci&#xF3;n al estudio del arte del Renacimiento.</subfield>
    <subfield code="t">La historia de la teor&#xED;a de las proporciones humanas como reflejo de la historia de los estilos.</subfield>
    <subfield code="t">El abad Suger de Saint-Denis.</subfield>
    <subfield code="t">La "Alegoria de la Prudencia" de Ticiano: Post scriptum.</subfield>
    <subfield code="t">La primera pagina del libro de Giorgio Vasari. Apendice: Dos proyectos de fachada de Domenico Beccafumi y el problema del manierismo en la Arquitectura.</subfield>
    <subfield code="t">Alberto Durero y la Antig&#xFC;edad cl&#xE1;sica. Apendice: Las ilustraciones de las "Inscriptiones" de Apianus en relaci&#xF3;n con Durero.</subfield>
    <subfield code="t">"Et in Arcadia ego": Poussin y la tradici&#xF3;n elegiaca.</subfield>
    <subfield code="t">Tres decenios de historia del arte en los Estados Unidos.</subfield>
  </datafield>
  <datafield tag="650" ind1=" " ind2=" ">
    <subfield code="x">Arte</subfield>
    <subfield code="x">Arte-critica y apreciaci&#xF3;n</subfield>
    <subfield code="9">2537</subfield>
  </datafield>
  <datafield tag="700" ind1=" " ind2=" ">
    <subfield code="a">Panofsky, Erwin</subfield>
    <subfield code="9">2538</subfield>
  </datafield>
  <datafield tag="999" ind1=" " ind2=" ">
    <subfield code="c">557</subfield>
    <subfield code="d">557</subfield>
  </datafield>
  <datafield tag="952" ind1=" " ind2=" ">
    <subfield code="0">0</subfield>
    <subfield code="1">0</subfield>
    <subfield code="2">ddc</subfield>
    <subfield code="4">0</subfield>
    <subfield code="7">0</subfield>
    <subfield code="a">LV</subfield>
    <subfield code="b">LV</subfield>
    <subfield code="c">Pensamiento</subfield>
    <subfield code="d">2015-04-30</subfield>
    <subfield code="l">0</subfield>
    <subfield code="o">700 P 195s</subfield>
    <subfield code="p">000386</subfield>
    <subfield code="r">2015-04-30 00:00:00</subfield>
    <subfield code="w">2015-04-30</subfield>
    <subfield code="y">01</subfield>
  </datafield>
</record>
